000 00395nam a2200133Ia 4500
008 220216s9999 xx 000 0 und d
100 _aFreeman S
245 0 _aDifferentiation of Colletotrichum species responsible for antrhacnose of stawberry by arbitrarily primed PCR
260 _bMycological Research
_c1995
300 _a501-504
650 _aPCR
700 _aRodriguez R J
942 _cJS
999 _c57192
_d57192